000 nam a22 4500
999 _c94442
_d94441
005 20180523175518.0
008 180523b ||||| |||| 00| 0 eng d
080 _aF MULL
100 _aMuller, Carl
245 _aColombo
_bA novel
260 _aDelhi
_bPenguin Books India
_c1995
300 _a481p.
653 _aFiction-English
942 _cBK